| 000 | 01062 a2200193 4500 | ||
|---|---|---|---|
| 005 | 20240802150811.0 | ||
| 010 | _aB-758960 | ||
| 020 |
_a9789381154533 _c60.00 |
||
| 035 | _aB-758960 | ||
| 037 | _bउपहार | ||
| 082 | _a158.1 | ||
| 100 |
_aश्रीवास्तव, सुरेन्द्र _969346 |
||
| 245 |
_aविद्याथियो हेतु सड़क पर पैदल चलने वाहन परिचालन तथा यातायात नियमो की जानकारी/ _cसुरेन्द्र श्रीवास्तव |
||
| 260 |
_aजयपुर _bबालाजी पब्लिकेशन्स _c2023 |
||
| 270 |
_a45-G गोवर्धन कॉलोनी न्यू सांगानेर रोड सोडाला _bजयपुर |
||
| 300 |
_a32 पृष्ठ.; _c21cm. (साजिल्द) |
||
| 942 |
_adpl _cCH _2ddc _h158.1 _mश्रीवास्त |
||
| 999 |
_c202699 _d202699 |
||